An open letter to america on schools students and tomorrow (Record no. 130023)

MARC details
000 -LÍDER
campo de controle de tamanho fixo 00456 a2200181 4500
001 - NÚMERO DE CONTROLE
campo de controle 130023
022 ## - ISBN - INTERNATIONAL STANDARD BOOK NUMBER
ISSN - International Standard Serial Number 1679-656X
040 ## - FONTE DA CATALOGAÇÃO
Instituição que transcreveu o registro Leonardo Da Vinci
041 ## - CÓDIGO DE IDIOMA
Código do idioma do texto/trilha sonora ou título diferente Inglês
082 ## - CDD - CLASSIFICAÇÃO DECIMAL DE DEWEY
Número de Classificação AOL 2010
Número do exemplar 2010
245 ## - TÍTULO
Título An open letter to america on schools students and tomorrow
260 ## - PUBLICAÇÃO, DISTRIBUIÇÃO, ETC.
Nome do editor, distribuidor, etc. Nea
300 ## - DESCRIÇÃO FÍSICA
Extensão 32
362 ## - DATAS DE PUBLICAÇÃO E/OU DESIGNAÇÃO SEQUENCIAL
Datas de publicação e/ou designação sequencial 20100318
490 ## - TÍTULO DA SÉRIE
Título da série An open letter to america on schools students and tomorrow
697 ## - ENTRADA DE ASSUNTO LOCAL--ENTIDADE COLETIVA (RLIN)
Nome corporativo ou nome da jurisdição Escola
-- Ghemat
942 ## - ELEMENTOS DE ENTRADA ADICIONADOS (KOHA)
Tipo de material Koha Recursos contínuos
Holdings
Situação do descarte Situação das perdas Situação física Não pode ser emprestado Biblioteca de origem Biblioteca atual Data de aquisição Total de empréstimos Número de chamada completo Código de barras Data de último acesso Data do preço efetivo Tipo de material Koha
        Leonardo Da Vinci - Osasco Leonardo Da Vinci - Osasco 27/03/2024   AOL 2010 O00590 27/03/2024 27/03/2024 Recursos contínuos